Future of politics (Record no. 1078266)

MARC details
000 -LEADER
fixed length control field 00653nam a2200253Ia 4500
003 - CONTROL NUMBER IDENTIFIER
control field OSt
005 - DATE AND TIME OF LATEST TRANSACTION
control field 20221006143840.0
008 - FIXED-LENGTH DATA ELEMENTS--GENERAL INFORMATION
fixed length control field 221006b |||||||| |||| 00| 0 eng d
020 ## - INTERNATIONAL STANDARD BOOK NUMBER
-- 4.50
037 ## - SOURCE OF ACQUISITION
Terms of availability Textual
040 ## - CATALOGING SOURCE
Original cataloging agency EASL
Transcribing agency EASL
Language of cataloging eng
041 ## - LANGUAGE CODE
Source of code eng
Language code of text/sound track or separate title eng
100 ## - MAIN ENTRY--PERSONAL NAME
Personal name PAGE William Ed.
245 #0 - TITLE STATEMENT
Title Future of politics
Remainder of title Governance, movements and world order
260 ## - PUBLICATION, DISTRIBUTION, ETC.
Place of publication, distribution, etc. London
Name of publisher, distributor, etc. Frances pinter
Date of publication, distribution, etc. 1983
300 ## - PHYSICAL DESCRIPTION
Extent 234p.
Dimensions cm.
490 ## - SERIES STATEMENT
Volume/sequential designation Oth
942 ## - ADDED ENTRY ELEMENTS (KOHA)
Classification part Wx, M3
Koha item type Textual
Source of classification or shelving scheme Colon Classification (CC)
Holdings
Withdrawn status Lost status Source of classification or shelving scheme Damaged status Not for loan Home library Current library Date acquired Serial Enumeration / chronology Total Checkouts Full call number Barcode Date last seen Price effective from Koha item type
  Missing from bundle Colon Classification (CC)     Department of East Asian Studies Library Department of East Asian Studies Library 2022-10-06 Oth   Wx M3 EA0790400 2022-10-06 2022-10-06 Textual
Copyright @ Delhi University Library System